00821 a2200145 4500003000500000005001700005040000900022082001500031100001500046245007100061260004200132300001200174505046900186650002000655NUST20221227130754.0 cNust a355.02,TZU aTzu , Sun  aThe art of war (DNT) /cSun Tzu,hTranslation By Ralph D. Sawayer aServices Book Club bRawalpindic2011 a375 p.; aA Note on the Translation and Pronunciation (Page-21), Chronology of Approximate (Page-25), Introduction (Page-77), Initial Estimation (Page-165), Waging War (Page-171), Military Disposition (Page-181), Strategic Military Power (Page-185), Vacuity and Substance (Page-189), Military Combat (Page-195), Nine Changes (Page-201), Maneuvering the Army (Page-205), Configuration of Terrain (Page-211), Employing Spies (Page-229), Tomb Text and Lost Writings (Page-235). aThe art of war